Komárom Jokai Mór utca
Zobrazenie: Pohľad na ulicu s radmi budov z boch strán. Ulica je plná obchodov a prevádzok so službami. Vľavo v popredí stoja pred vchodom jednej budovy traja ľudia. V pozadí na chodníkoch aj ulici je množstvo ľudí. Vpravo v pozadí medzi budovami vidno kostol reformovanej cirkvi
| Médium: | Pohľadnica |
|---|---|
| Jazyk: | maďarčina nemčina |
| Fyzický popis: | 1 pohľadnica kolorovaná 9 x 14 cm |
| Vydavateľské údaje: |
[Slovensko?]
[vydavateľ neznámy]
[1915?]
|
| Predmet: |
MARC
| LEADER | 00000nkm a2200000 a 4500 | ||
|---|---|---|---|
| 001 | vtls011884624 | ||
| 003 | SK-MaSNL | ||
| 005 | 20260512130549.0 | ||
| 007 | kp ho | ||
| 008 | 230706q1915 xo g kuhun | ||
| 015 | |a SNBG1915 | ||
| 035 | |a urn:nbn:sk:snk-km00ea6a | ||
| 035 | |a urn:nbn:sk:snk-km43gzx | ||
| 035 | |a 2FC5B90C-EF36-4FBB-B234-81FB970CABB8 | ||
| 040 | |a SNK |b slo |c SNK |e AACR2 | ||
| 041 | 0 | |a hun |a ger | |
| 043 | |a e-xo--- | ||
| 044 | |a xo |c SK | ||
| 072 | 7 | |a 913 |x Regionálna geografia |2 konspekt | |
| 080 | |a 913(437.6) |2 2011 | ||
| 080 | |a 711.73 |2 2011 | ||
| 080 | |a (084.121) |2 2011 | ||
| 080 | |a 726:27-523.42 |2 2011 | ||
| 245 | 0 | 0 | |a Komárom |h grafika |b Jokai Mór utca |
| 246 | 3 | 1 | |a Komárom |b Jokai Mór-Gasse |
| 260 | |a [Slovensko?] |b [vydavateľ neznámy] |c [1915?] | ||
| 300 | |a 1 pohľadnica |b kolorovaná |c 9 x 14 cm | ||
| 500 | |a Názvové údaje prevzaté z obrazovej časti pohľadnice | ||
| 520 | 8 | |a Zobrazenie: Pohľad na ulicu s radmi budov z boch strán. Ulica je plná obchodov a prevádzok so službami. Vľavo v popredí stoja pred vchodom jednej budovy traja ľudia. V pozadí na chodníkoch aj ulici je množstvo ľudí. Vpravo v pozadí medzi budovami vidno kostol reformovanej cirkvi | |
| 546 | |a Súbežný podnázov v nem. | ||
| 650 | 0 | 7 | |a ulice |2 SNKPH |9 2938 |
| 650 | 0 | 7 | |a kostoly |2 SNKPH |9 3023 |
| 651 | 7 | |a Komárno (Slovensko) |2 SNKPHgeo |9 39168 | |
| 655 | 7 | |a miestne pohľadnice |2 SNKPH |9 70510 | |
| 852 | |a Slovenská národná knižnica | ||
| 958 | |a GBN | ||
| 958 | |a GC | ||
| 958 | |a ONDV | ||
| 999 | |c 1206544 |d 1208474 | ||
| 952 | |a SNK |b SNK |y PREZ |7 0 |p 17A1247250 |o snkSP 32014 |z Pohľadnica prešla poštou. |0 0 |1 0 |4 0 |d 2019-09-03 |f 1 |l 0 |r 2026-02-24 23:00:08 |w 2026-02-24 | ||


